| 000 | 00821cam a22002415a 4500 | ||
|---|---|---|---|
| 001 | 18315483 | ||
| 005 | 20160511155938.0 | ||
| 008 | 140924t2015 enka fr f001 0 eng d | ||
| 020 | _a9780198714828 (pbk.) | ||
| 040 |
_aUKMGB _beng _cUKMGB _dOCLCO _dYDXCP _dBTCTA _dBDX _dUAB _dDLC _dEG-ScBUE |
||
| 082 | 0 | 4 |
_a617.643 _222 _bNIG |
| 100 | 1 |
_aNightingale, Claire. _939968 |
|
| 245 | 1 | 0 |
_aIllustrated questions in orthodontics / _cClaire Nightingale, Jonathan Sandy. |
| 250 | _a2nd ed. | ||
| 260 |
_aOxford : _bOxford University Press, _cc.2015. |
||
| 300 |
_a166 p. : _bill. ; _c22 cm. |
||
| 500 | _aFirst published as Orthodontics in 2000. | ||
| 500 | _aIndex : p. [163]-166. | ||
| 650 | 7 |
_aOrthodontics _xExaminations _vStudy guides. _2BUEsh _939969 |
|
| 653 |
_bDDent _cMay2016 |
||
| 700 | 1 | _aSandy, Jonathan, | |
| 942 | _2ddc | ||
| 999 |
_c21735 _d21707 |
||